The Syllogos movement of Constantinople and Ottoman Greek education 1861-1923

Αποθηκεύτηκε σε:
Λεπτομέρειες βιβλιογραφικής εγγραφής
Κύριος συγγραφέας: Vassiadis, George A. (George Andrew)
Μορφή: Βιβλίο
Γλώσσα:English
Δημοσίευση: Athens : Centre for Asia Minor Studies, 2007.
Σειρά:Bibliotheca Asiae Minoris Historica ; 3
Θέματα:
Ετικέτες: Προσθήκη ετικέτας
Δεν υπάρχουν, Καταχωρήστε ετικέτα πρώτοι!

MARC

LEADER 00000cam a2200000 i 4500
001 1/66486
008 150210s2007 gr | ||| |||| ||eng||
020 |a 9789608761063 
035 |l 10120986 
040 |a GR-MY-UA  |b gre  |e aacr 
041 0 |a eng 
082 7 |a 370.9561   |2 (23) 
100 1 |a Vassiadis, George A.   |q (George Andrew) 
245 1 4 |a The Syllogos movement of Constantinople and Ottoman Greek education 1861-1923 /   |c George A. Vassiadis. 
260 |a Athens :   |b Centre for Asia Minor Studies,   |c 2007. 
300 |a 315 σ. ;   |c 24 εκ. 
490 1 |a (Bibliotheca Asiae Minoris Historica ;  |v  3) 
500 |a Κέντρο Μικρασιατικών Σπουδών. 
504 |a Βιβλιογραφία : σ. [281]-296. 
504 |a Περιλαμβάνει βιβλιογραφικές παραπομπές και ευρετήριο. 
610 2 0 |a Ελληνικός Φιλολογικός Σύλλογος Κωνσταντινουπόλεως. 
650 0 |a Greeks  |x Education  |z Turkey  |z Istanbul  |x History. 
650 0 |a Greeks  |z Turkey  |z Istanbul  |x History  |y 19th century. 
651 0 |a Istanbul (Turkey)  |x Intellectual life. 
830 0 |a Bibliotheca Asiae Minoris Historica ;  |v  3 
852 |a INST  |b LESVOS  |e 20150210  |h 370.9561 VAS  |p 005100056088  |q 005100056088  |t BK  |y 0 
852 |a INST  |b RHODES  |e 20230223  |h 370.9561 VAS  |p 005400043427  |q 005400043427  |t BK  |y 0 
901 |a BIBL1-2015-1 
909 |a Λ  |b 191739 
970 |a ΤΖΑΦΕΡΗ  |b ΕΥΑΓΓΕΛΙΑ  |z 2015/02/10